Highest Goalscorers in La Liga 2023/24 - Statistics

General Stats
  • This quiz has been taken 78 times
  • The average score is 16 of 27
Answer Stats
# Goals Club Answer % Correct
8 15 Real Madrid Vinicius Junior
96%
3 19 Real Madrid Jude Bellingham
94%
3 19 Barcelona Robert Lewandowski
93%
6 16 Atlético Madrid Antoine Griezmann
91%
1 24 Girona Artem Dovbyk
88%
16 10 Real Madrid Rodrygo
85%
14 12 Athletic Bilbao Iñaki Williams
79%
2 23 Villarreal Alexander Sørloth
76%
20 9 Celta Vigo Iago Aspas
76%
8 15 Atlético Madrid Álvaro Morata
69%
16 10 Real Madrid Joselu
69%
16 10 Real Betis Willian José
69%
5 17 Osasuna Ante Budimir
63%
16 10 Villarreal Gerard Moreno
60%
8 15 Getafe Borja Mayoral
56%
20 9 Real Sociedad Mikel Oyarzabal
56%
20 9 Atlético Madrid Ángel Correa
54%
6 16 Sevilla Youssef En-Nesyri
54%
12 13 Valencia Hugo Duro
47%
20 9 Girona Cristhian Stuani
44%
11 14 Athletic Bilbao Gorka Guruzeta
43%
20 9 Girona Sávio
38%
12 13 Celta Vigo Jørgen Strand Larsen
34%
15 11 Granada Myrto Uzuni
31%
20 9 Real Betis Ayoze Pérez
28%
20 9 Granada / Deportivo Alavés Samu Omorodion
28%
20 9 Almeria Sergio Arribas
24%
No matching quizzes found
Score Distribution
Percent of People with Each Score
Percentile by Number Answered
Your Score History
You have not taken this quiz